[Event "Commonwealth & South African-ch"]
[Site "Johannesburg"]
[Date "2011.07.03"]
[Round "11.6"]
[White "Mnguni, Dumisani J"]
[Black "Willenberg, Athon"]
[Result "0-1"]
[WhiteElo "1308"]
[BlackElo "1725"]
[PlyCount "38"]
[EventDate "2011.06.25"]
[EventType "swiss"]
[EventRounds "11"]
[EventCountry "RSA"]
[SourceTitle "EXT 2024"]
[Source "ChessBase"]
[SourceDate "2023.10.10"]
[SourceVersion "1"]
[SourceVersionDate "2023.10.10"]
[SourceQuality "1"]

1. e4 d5 2. exd5 Qxd5 3. Nc3 Qd6 4. d4 Nf6 5. Nf3 a6 6. Be2 e6 7. 0-0 Be7 8. g3 b5 9. Bf4 Qb6 10. a4 b4 11. a5 Qa7 12. Nb1 0-0 13. c4 Rd8 14. Qc2 c5 15. dxc5 Bxc5 16. Nbd2 Bb7 17. Nb3 Be4 18. Qc1 Nc6 19. Nxc5 Qxc5 0-1

[Event "Commonwealth & South African-ch"]
[Site "Johannesburg"]
[Date "2011.07.01"]
[Round "9.1"]
[White "Nitish, Belurkar"]
[Black "Mnguni, Dumisani J"]
[Result "1/2-1/2"]
[WhiteElo "1659"]
[BlackElo "1308"]
[PlyCount "51"]
[EventDate "2011.06.25"]
[EventType "swiss"]
[EventRounds "11"]
[EventCountry "RSA"]
[SourceTitle "EXT 2024"]
[Source "ChessBase"]
[SourceDate "2023.10.10"]
[SourceVersion "1"]
[SourceVersionDate "2023.10.10"]
[SourceQuality "1"]

1. d4 Nf6 2. Nf3 e6 3. e3 Be7 4. Bd3 d5 5. Nbd2 0-0 6. 0-0 Nbd7 7. Re1 c5 8. c3 b6 9. Ne5 Qc7 10. f4 Ne8 11. Qf3 g5 12. Kh1 Nd6 13. Qh3 Nf6 14. Ng4 Nde4 15. Nxe4 dxe4 16. fxg5 Nd5 17. Rg1 Bd8 18. Qg3 a6 19. Qh3 Bb7 20. Qg3 Re8 21. dxc5 bxc5 22. a3 Qe7 23. c4 Nb6 24. b3 Bc7 25. Bb2 Red8 26. Rad1 1/2-1/2

[Event "Commonwealth & South African-ch"]
[Site "Johannesburg"]
[Date "2011.06.28"]
[Round "6.3"]
[White "Mnguni, Dumisani J"]
[Black "Mthunzi, Clive"]
[Result "0-1"]
[WhiteElo "1308"]
[BlackElo "1616"]
[PlyCount "98"]
[EventDate "2011.06.25"]
[EventType "swiss"]
[EventRounds "11"]
[EventCountry "RSA"]
[SourceTitle "EXT 2024"]
[Source "ChessBase"]
[SourceDate "2023.10.10"]
[SourceVersion "1"]
[SourceVersionDate "2023.10.10"]
[SourceQuality "1"]

1. e4 c5 2. Nf3 Nc6 3. d4 cxd4 4. Nxd4 Nf6 5. Nc3 e5 6. Ndb5 d6 7. Bg5 a6 8. Na3 Be7 9. Bxf6 Bxf6 10. Nd5 0-0 11. c3 b5 12. Nc2 Bg5 13. a4 bxa4 14. Rxa4 Ne7 15. Bc4 Nxd5 16. Bxd5 Rb8 17. Nb4 Qf6 18. 0-0 Bd7 19. Ra2 Bb5 20. Re1 Rfc8 21. Qa1 Bd7 22. Rxa6 Bh4 23. g3 Bh3 24. Qd1 Qg6 25. Ra7 Rf8 26. Bc4 Bd8 27. Ra6 Bb6 28. Nd5 Bd8 29. b4 Bg4 30. Qd3 h5 31. Ne3 Bb6 32. Nd5 Bd8 33. b5 h4 34. Ne3 hxg3 35. hxg3 Bh3 36. Ng2 Qh5 37. Re3 Bg4 38. Rxd6 Bb6 39. Re1 g5 40. Qf1 Kg7 41. Rxb6 Rxb6 42. Be2 Rh8 43. f3 Rf6 44. Kf2 Bxf3 45. Ke3 g4 46. Qg1 Qg5+ 47. Kd3 Rd8+ 48. Kc4 Qd2 49. Qe3 Qa2+ 0-1